Ligue 1 Winners - Statistiques

Statistiques générales
  • Ce quiz a été pris 293 fois
  • Le résultat moyen est 72 sur 89
Statistiques - réponses
Année Winners % Correct
1937 Marseille
99%
1948 Marseille
99%
1971 Marseille
99%
1972 Marseille
99%
1989 Marseille
99%
1990 Marseille
99%
1991 Marseille
99%
1992 Marseille
99%
2010 Marseille
99%
1986 Paris
99%
1994 Paris
99%
2013 Paris
99%
2014 Paris
99%
2015 Paris
99%
2016 Paris
99%
2018 Paris
99%
2019 Paris
99%
2020 Paris
99%
1946 Lille
98%
1954 Lille
98%
2011 Lille
98%
2021 Lille
98%
2002 Lyon
97%
2003 Lyon
97%
2004 Lyon
97%
2005 Lyon
97%
2006 Lyon
97%
2007 Lyon
97%
2008 Lyon
97%
1957 Saint-Etienne
95%
1964 Saint-Etienne
95%
1967 Saint-Etienne
95%
1968 Saint-Etienne
95%
1969 Saint-Etienne
95%
1970 Saint-Etienne
95%
1974 Saint-Etienne
95%
1975 Saint-Etienne
95%
1976 Saint-Etienne
95%
1981 Saint-Etienne
95%
1950 Bordeaux
94%
1984 Bordeaux
94%
1985 Bordeaux
94%
1987 Bordeaux
94%
1999 Bordeaux
94%
2009 Bordeaux
94%
1961 Monaco
94%
1963 Monaco
94%
1978 Monaco
94%
1982 Monaco
94%
1988 Monaco
94%
1997 Monaco
94%
2000 Monaco
94%
2017 Monaco
94%
2012 Montpellier
91%
1965 Nantes
91%
1966 Nantes
91%
1973 Nantes
91%
1977 Nantes
91%
1980 Nantes
91%
1983 Nantes
91%
1995 Nantes
91%
2001 Nantes
91%
1998 Lens
85%
1951 Nice
84%
1952 Nice
84%
1956 Nice
84%
1959 Nice
84%
1979 Strasbourg
72%
1949 Reims
70%
1953 Reims
70%
1955 Reims
70%
1958 Reims
70%
1960 Reims
70%
1962 Reims
70%
1996 Auxerre
68%
1935 Sochaux
50%
1938 Sochaux
50%
1934 Sete
30%
1939 Sete
30%
1933 Olympique Lillois
12%
1940 -
10%
1941 -
10%
1942 -
10%
1943 -
10%
1944 -
10%
1945 -
10%
1993 -
10%
1947 Roubaix-Tourcoing
8%
1936 Racing Club de Paris
2%
Aucun quiz correspondant
Distribution des résultats
% des personnes avec chaque résultat
Percentile par nombre de réponses
Votre historique - résultats
Vous n’avez pas pris ce quiz